Southville International School and Colleges
Your cart is empty.
  • Cart
  • Lists
    Public lists Eva Luna New books Lux_list list_1
    Your lists Log in to create your own lists
  • Log in to your account
  • Your cookies
  • Search history
Southville International School and Colleges
  • Advanced search
  • Recent comments
  • Most popular
  • Libraries

Log in to your account

Log in with GOOGLE


If you do not have an external account, but do have a local account, you can still log in:

  1. Home
  2. MARC view: The family code of the Philippines :
Normal view MARC view ISBD view

The family code of the Philippines : (Record no. 10485)

[ view plain ]
MARC details
000 -LEADER
fixed length control field 00524nam a22001697a 4500
003 - CONTROL NUMBER IDENTIFIER
control field OSt
005 - DATE AND TIME OF LATEST TRANSACTION
control field 20140310182212.0
008 - FIXED-LENGTH DATA ELEMENTS--GENERAL INFORMATION
fixed length control field 130906t xxu||||| |||| 00| 0 eng d
050 ## - LIBRARY OF CONGRESS CALL NUMBER
Classification number KPM 534
Item number .F198 1988
082 ## - DEWEY DECIMAL CLASSIFICATION NUMBER
Classification number HS 348.023
Item number P54 1988
245 ## - TITLE STATEMENT
Title The family code of the Philippines :
Remainder of title Executive order No.209 as amended by Executive Order No.227 /
260 ## - PUBLICATION, DISTRIBUTION, ETC. (IMPRINT)
Place of publication, distribution, etc Manila. Philippines :
Name of publisher, distributor, etc Rex Book Store,
Date of publication, distribution, etc c1988.
300 ## - PHYSICAL DESCRIPTION
Extent 64 p. :
Dimensions 22 cm.
650 ## - SUBJECT ADDED ENTRY--TOPICAL TERM
Topical term or geographic name as entry element Family Code.
9 (RLIN) 16798
942 ## - ADDED ENTRY ELEMENTS (KOHA)
Source of classification or shelving scheme Library of Congress Classification
Koha item type
Holdings
Withdrawn status Lost status Source of classification or shelving scheme Damaged status Home library Current library Shelving location Date acquired Total Checkouts Total Renewals Full call number Barcode Date last seen Date checked out Copy number Price effective from Koha item type
    Library of Congress Classification   Luxembourg Library Luxembourg Library High School Section 09/06/2013 1 1 KPM 534 .F198 1988 2063 03/10/2017 03/03/2017 1 09/06/2013 Books

The family code of the Philippines :

APA

(1988). The family code of the Philippines. Manila. Philippines: Rex Book Store.

Chicago

1988. The family code of the Philippines. Manila. Philippines: Rex Book Store.

Harvard

(1988). The family code of the Philippines. Manila. Philippines: Rex Book Store.

MLA

The family code of the Philippines. Manila. Philippines: Rex Book Store. 1988.

  • Place hold
  • Print
  • Cite
  • Add to your cart (remove)
  • Save record
    BIBTEX Dublin Core MARCXML MARC (non-Unicode/MARC-8) MARC (Unicode/UTF-8) MARC (Unicode/UTF-8, Standard) MODS (XML) RIS
  • More searches
    Search for this title in:
    Other Libraries (WorldCat) Other Databases (Google Scholar) Online Stores (Bookfinder.com) Open Library (openlibrary.org)

Exporting to Dublin Core...

SOUTHVILLE LIBRARY

Southville International School and Colleges Library

1281 Tropical Ave. Cor. Luxembourg St., BF Homes International, Las Pinas City

Tel. No. 8256374 / 252358 Loc. 117/146

Powered by Koha